[Event "CZECH OPEN 2011 "PARDUBICE OPEN" - turnaj A"]
[Site "Pardubice (CZE)"]
[Date "2011.07.22"]
[Round "1.1"]
[White "Schlosser, Philipp"]
[Black "Vlasak, Lukas"]
[Result "1-0"]
[WhiteElo "2599"]
[BlackElo "2308"]
[PlyCount "47"]
[EventDate "2011.07.22"]

1. c4 Nf6 2. Nc3 e5 3. Nf3 Nc6 4. a3 d5 5. cxd5 Nxd5 6. Qc2 Be7 7. e3 O-O 8. b4
Bf6 9. Ne4 Re8 10. Be2 Bf5 11. d3 a5 12. b5 Na7 13. Rb1 c6 14. bxc6 Rc8 15.
Rxb7 Rxc6 16. Qb2 Qc8 17. Bd2 Rc7 18. Rxc7 Qxc7 19. O-O Rb8 20. Qa1 Nc6 21. Rc1
Bxe4 22. dxe4 Nde7 23. Bc4 Qd7 24. Bc3 1-0

[Event "CZECH OPEN 2011 "PARDUBICE OPEN" - turnaj A"]
[Site "Pardubice (CZE)"]
[Date "2011.07.22"]
[Round "1.3"]
[White "Kononenko, Dmitry"]
[Black "Simek, Petr"]
[Result "1/2-1/2"]
[WhiteElo "2593"]
[BlackElo "2307"]
[PlyCount "41"]
[EventDate "2011.07.22"]

1. e4 e5 2. Nf3 Nc6 3. Bb5 a6 4. Ba4 Nf6 5. O-O b5 6. Bb3 Bc5 7. c3 d6 8. d4
Bb6 9. a4 Rb8 10. a5 Ba7 11. Be3 O-O 12. Re1 Bg4 13. dxe5 Bxf3 14. Qxf3 Nxe5
15. Qd1 Bxe3 16. Rxe3 Re8 17. Nd2 c5 18. Bc2 Nc6 19. h3 Qc7 20. Rf3 Re6 21. Qb1
1/2-1/2

[Event "CZECH OPEN 2011 "PARDUBICE OPEN" - turnaj A"]
[Site "Pardubice (CZE)"]
[Date "2011.07.22"]
[Round "1.4"]
[White "Vrana, Jan"]
[Black "Zakhartsov, Viacheslav"]
[Result "0-1"]
[WhiteElo "2306"]
[BlackElo "2578"]
[PlyCount "58"]
[EventDate "2011.07.22"]

1. e4 c5 2. Nf3 d6 3. d4 cxd4 4. Qxd4 Nc6 5. Bb5 Bd7 6. Bxc6 Bxc6 7. Nc3 h6 8.
Be3 e5 9. Qd3 Nf6 10. O-O-O Qd7 11. Nd2 b5 12. Nd5 Bxd5 13. exd5 Be7 14. f3 Qb7
15. Ne4 Nxe4 16. fxe4 b4 17. Kb1 a5 18. g4 Bg5 19. h4 Bxe3 20. Qxe3 Rc8 21. g5
Qc7 22. Rc1 Qc5 23. Qg3 h5 24. g6 O-O 25. Rhg1 a4 26. Qg5 a3 27. Qxh5 fxg6 28.
Qxg6 Rc7 29. Rg3 Qxc2+ 0-1

[Event "CZECH OPEN 2011 "PARDUBICE OPEN" - turnaj A"]
[Site "Pardubice (CZE)"]
[Date "2011.07.22"]
[Round "1.5"]
[White "Jovanovic, Zoran"]
[Black "Wiley, Tom"]
[Result "1-0"]
[WhiteElo "2577"]
[BlackElo "2306"]
[PlyCount "63"]
[EventDate "2011.07.22"]

1. e4 e6 2. d4 d5 3. Nc3 Bb4 4. Bd3 dxe4 5. Bxe4 Nf6 6. Bf3 c5 7. a3 Bxc3+ 8.
bxc3 Qc7 9. Ne2 Bd7 10. Bf4 Qc8 11. Bd6 Bc6 12. dxc5 Bxf3 13. gxf3 Nbd7 14. Rg1
Rg8 15. Nd4 Nxc5 16. Nb5 Na6 17. Qd4 Qc6 18. O-O-O Qxb5 19. Qxf6 Qd7 20. Qh4 h5
21. Rd3 g5 22. Rxg5 O-O-O 23. Qc4+ Qc6 24. Qxc6+ bxc6 25. Rxh5 Rh8 26. Ra5 Kb7
27. c4 Nb8 28. Rb3+ Ka8 29. c5 Rd7 30. Ra4 Rb7 31. Rxb7 Kxb7 32. Rb4+ 1-0

[Event "CZECH OPEN 2011 "PARDUBICE OPEN" - turnaj A"]
[Site "Pardubice (CZE)"]
[Date "2011.07.22"]
[Round "1.8"]
[White "Tjurin, Alexander"]
[Black "Kravtsiv, Martyn"]
[Result "1/2-1/2"]
[WhiteElo "2303"]
[BlackElo "2571"]
[PlyCount "54"]
[EventDate "2011.07.22"]

1. e4 e5 2. Nf3 Nc6 3. Bc4 Nf6 4. d3 Bc5 5. c3 O-O 6. O-O d5 7. exd5 Nxd5 8.
Re1 Bg4 9. Nbd2 Bb6 10. h3 Bh5 11. Nf1 Re8 12. Ng3 Bg6 13. d4 e4 14. Nh2 Qd6
15. Ng4 Kh8 16. Ne3 Nde7 17. Qg4 Ng8 18. Nef5 Qd7 19. Bg5 Na5 20. Bf1 h5 21.
Qf4 f6 22. Bh4 Bh7 23. Nxg7 Qxg7 24. Nxh5 Qf7 25. Bxf6+ Nxf6 26. Qxf6+ Qxf6 27.
Nxf6 Re7 1/2-1/2

[Event "CZECH OPEN 2011 "PARDUBICE OPEN" - turnaj A"]
[Site "Pardubice (CZE)"]
[Date "2011.07.22"]
[Round "1.9"]
[White "Grigoriants, Sergey"]
[Black "Chudinovskikh, Alexander M."]
[Result "1-0"]
[WhiteElo "2566"]
[BlackElo "2302"]
[PlyCount "85"]
[EventDate "2011.07.22"]

1. e4 e5 2. Nf3 Nc6 3. Bb5 a6 4. Ba4 Nf6 5. O-O Be7 6. Re1 b5 7. Bb3 O-O 8. a4
b4 9. d3 d6 10. Nbd2 Na5 11. Ba2 c5 12. c3 Rb8 13. Nc4 bxc3 14. bxc3 Be6 15.
Nxa5 Qxa5 16. Bxe6 fxe6 17. Qc2 Nh5 18. Be3 Kh8 19. Rab1 h6 20. d4 Bf6 21. dxc5
dxc5 22. Nd2 Nf4 23. Rxb8 Rxb8 24. Nc4 Qc7 25. g3 Ng6 26. Rd1 Be7 27. h4 Rd8
28. Rxd8+ Bxd8 29. Qd1 Be7 30. Qf3 Kh7 31. Qf7 Qb7 32. h5 Nh8 33. Qxe6 Qxe4 34.
Nd2 Qb7 35. Qxe5 Qd7 36. Qe4+ Kg8 37. Qa8+ Kh7 38. Qe4+ Kg8 39. Qa8+ Kh7 40.
Qxa6 Qd5 41. Qe2 Bf6 42. c4 Qc6 43. Qd3+ 1-0

[Event "CZECH OPEN 2011 "PARDUBICE OPEN" - turnaj A"]
[Site "Pardubice (CZE)"]
[Date "2011.07.22"]
[Round "1.11"]
[White "Arutinian, David"]
[Black "Bystrov, Sergej"]
[Result "1-0"]
[WhiteElo "2562"]
[BlackElo "2300"]
[PlyCount "31"]
[EventDate "2011.07.22"]

1. d4 d5 2. c4 c6 3. Nc3 Nf6 4. e3 a6 5. b3 b5 6. Bd3 e6 7. Nf3 Nbd7 8. O-O b4
9. Na4 Bd6 10. Bb2 O-O 11. Rc1 Bb7 12. Ne5 Qe7 13. Qe2 dxc4 14. Rxc4 c5 15.
Nxd7 Nxd7 16. dxc5 1-0

[Event "CZECH OPEN 2011 "PARDUBICE OPEN" - turnaj A"]
[Site "Pardubice (CZE)"]
[Date "2011.07.22"]
[Round "1.13"]
[White "Simantsev, Mikhail"]
[Black "Chetverik, Maxim"]
[Result "1/2-1/2"]
[WhiteElo "2558"]
[BlackElo "2296"]
[PlyCount "59"]
[EventDate "2011.07.22"]

1. d4 d5 2. c4 e5 3. dxe5 d4 4. a3 Nc6 5. e3 Nge7 6. Nf3 Bg4 7. Be2 Nf5 8. exd4
Bxf3 9. Bxf3 Qxd4 10. Bxc6+ bxc6 11. O-O O-O-O 12. Qf3 Qxe5 13. Qxc6 Nd4 14.
Qa8+ Kd7 15. Qd5+ Qxd5 16. cxd5 Nb3 17. Ra2 Bc5 18. Be3 Bxe3 19. fxe3 f6 20.
Nc3 Rhe8 21. e4 Rb8 22. h3 Nc5 23. b4 Nxe4 24. Na4 Rb5 25. Rc1 Rxd5 26. Rac2
Rc8 27. Nb2 f5 28. Nc4 g6 29. Ne3 1/2-1/2

[Event "CZECH OPEN 2011 "PARDUBICE OPEN" - turnaj A"]
[Site "Pardubice (CZE)"]
[Date "2011.07.22"]
[Round "1.14"]
[White "Franciskovic, Borka"]
[Black "Panchanathan, Magesh Chandran"]
[Result "0-1"]
[WhiteElo "2294"]
[BlackElo "2556"]
[PlyCount "148"]
[EventDate "2011.07.22"]

1. Nf3 Nf6 2. g3 d5 3. Bg2 c5 4. O-O Nc6 5. d4 e6 6. c4 dxc4 7. Ne5 Nd5 8. Nxc6
bxc6 9. Qa4 Qb6 10. dxc5 Bxc5 11. Qxc4 Ba6 12. Qc2 O-O 13. Na3 Bxa3 14. bxa3
Qb5 15. Re1 Rab8 16. e4 Nb6 17. Bf1 Nc4 18. Bf4 e5 19. Qxc4 Qxc4 20. Bxc4 Bxc4
21. Bxe5 Rbd8 22. Rac1 Bb5 23. Red1 Rfe8 24. Rxd8 Rxd8 25. Bc3 f6 26. Kg2 Rd3
27. h4 c5 28. g4 Kf7 29. f3 Ba4 30. Be1 Bd1 31. Rxc5 Bxf3+ 32. Kf2 Bxg4 33. Ra5
Rd7 34. Ke3 Be6 35. Bc3 Bc4 36. Bd4 a6 37. Rc5 Bb5 38. e5 Ke6 39. exf6 gxf6 40.
Rc8 Kf7 41. Rc5 Re7+ 42. Kf3 Bd3 43. Bc3 h5 44. Kf2 Re2+ 45. Kg3 Bb5 46. Rf5
Re6 47. Rc5 Kg6 48. Kf3 Bc6+ 49. Kf2 Bb7 50. Rc7 Bd5 51. Rd7 Bc6 52. Rd4 Kf5
53. a4 Be4 54. Kg3 Rc6 55. Bb4 Rc1 56. Rd6 Bc6 57. a3 Rc4 58. a5 Ke5 59. Rd3
Rg4+ 60. Kh3 Bg2+ 61. Kh2 Be4 62. Bc3+ Ke6 63. Rg3 Rf4 64. Re3 f5 65. Be1 Rf1
66. Re2 Ke5 67. Bd2 f4 68. Bc3+ Kf5 69. Re1 Rf2+ 70. Kg1 Rg2+ 71. Kf1 f3 72.
Rd1 Bc6 73. Bb4 Bb5+ 74. Ke1 f2+ 0-1

[Event "CZECH OPEN 2011 "PARDUBICE OPEN" - turnaj A"]
[Site "Pardubice (CZE)"]
[Date "2011.07.22"]
[Round "1.15"]
[White "Lintchevski, Daniil"]
[Black "Adamek, Jiri"]
[Result "1-0"]
[WhiteElo "2553"]
[BlackElo "2289"]
[PlyCount "106"]
[EventDate "2011.07.22"]

1. e4 e6 2. d4 d5 3. Nc3 Bb4 4. e5 c5 5. a3 Bxc3+ 6. bxc3 Ne7 7. Nf3 Bd7 8. h4
Ba4 9. h5 h6 10. Rh4 Qa5 11. Bd2 c4 12. g3 Nd7 13. Bh3 O-O-O 14. Kf1 Rdf8 15.
Kg1 Qa6 16. Nh2 f6 17. f4 fxe5 18. fxe5 Nf5 19. Rg4 Nb8 20. Nf1 Be8 21. Rf4 g5
22. Rf2 Ng7 23. Rxf8 Rxf8 24. Bg4 Qc6 25. Ne3 Bf7 26. a4 Nd7 27. Bc1 Bg8 28.
Ba3 Rf7 29. a5 Bh7 30. Bb4 Kd8 31. Qe2 Ke8 32. Bf3 Kd8 33. Ng4 Nf5 34. Kh2 Qb5
35. Rb1 Kc8 36. Bg2 Qc6 37. Rf1 Bg8 38. Bh3 Qc7 39. Rxf5 exf5 40. e6 fxg4 41.
Bxg4 Qd8 42. exd7+ Rxd7 43. Qe5 Bf7 44. a6 bxa6 45. Qd6 Be8 46. Qxd5 Qf6 47.
Qa8+ Kc7 48. Qxa7+ Kc8 49. Qa8+ Kc7 50. Kg1 Qf7 51. Ba5+ Kd6 52. Qb8+ Ke7 53.
Bb4+ Kf6 1-0

[Event "CZECH OPEN 2011 "]
[Site "Pardubice (CZE)"]
[Date "2011.07.22"]
[Round "1.41"]
[White "Saric, Ante"]
[Black "Papp, Petra"]
[Result "1-0"]
[WhiteElo "2483"]
[BlackElo "2261"]
[PlyCount "83"]
[EventDate "2011.07.22"]

1. Nf3 d5 2. d4 Nf6 3. c4 c6 4. e3 e6 5. b3 Nbd7 6. Bb2 Bd6 7. Nbd2 Ne4 8. Nxe4
dxe4 9. Nd2 f5 10. c5 Bc7 11. d5 O-O 12. d6 Ba5 13. a3 Bxd2+ 14. Qxd2 Nxc5 15.
Qc3 Qf6 16. Qc2 Nd3+ 17. Bxd3 exd3 18. Bxf6 dxc2 19. Be5 b6 20. Rc1 c5 21. Rxc2
a5 22. O-O Ba6 23. Rd1 Rfd8 24. f3 Bb5 25. Rc3 Rd7 26. Re1 Rf8 27. Kf2 Ba6 28.
Rb1 Bb5 29. b4 axb4 30. axb4 c4 31. Ra1 h6 32. h4 Kh7 33. Rca3 Kg6 34. Ra7 Rff7
35. Rc7 Rxc7 36. dxc7 Rf8 37. Ra7 Rc8 38. Rb7 Bd7 39. Rxb6 c3 40. Ke2 c2 41.
Kd2 Kh5 42. Rb8 1-0

[Event "CZECH OPEN 2011 "]
[Site "Pardubice (CZE)"]
[Date "2011.07.22"]
[Round "1.42"]
[White "Netzer, Jacques"]
[Black "Gavrilov, Alexei"]
[Result "0-1"]
[WhiteElo "2261"]
[BlackElo "2481"]
[PlyCount "74"]
[EventDate "2011.07.22"]

1. e4 e5 2. Nf3 Nc6 3. Bb5 a6 4. Ba4 Nf6 5. O-O Be7 6. Re1 b5 7. Bb3 d6 8. c3
O-O 9. h3 Na5 10. Bc2 c5 11. d4 Nd7 12. Nbd2 exd4 13. cxd4 Nc6 14. d5 Nce5 15.
Nxe5 Nxe5 16. f4 Ng6 17. Nf3 Bh4 18. Rf1 Bg3 19. f5 Ne5 20. Nxe5 Bxe5 21. g4
Bd7 22. Rb1 c4 23. Qf3 b4 24. g5 a5 25. f6 a4 26. a3 b3 27. Bd1 c3 28. bxc3 Rc8
29. Bd2 gxf6 30. gxf6 Kh8 31. Bh6 Rxc3 32. Bg7+ Kg8 33. Be2 Rxf3 34. Rxf3 Qb6+
35. Kh1 b2 36. Bd3 Rc8 37. Bh6 Rc3 0-1

[Event "CZECH OPEN 2011 "]
[Site "Pardubice (CZE)"]
[Date "2011.07.22"]
[Round "1.43"]
[White "Gundavaa, Bayarsaikhan"]
[Black "Kutynec, Vladimir"]
[Result "1-0"]
[WhiteElo "2480"]
[BlackElo "2259"]
[PlyCount "103"]
[EventDate "2011.07.22"]

1. d4 d5 2. c4 Bf5 3. cxd5 Bxb1 4. Qa4+ c6 5. dxc6 Nxc6 6. Rxb1 e5 7. Bd2 Qxd4
8. Qxd4 exd4 9. g3 Bb4 10. Bg2 O-O-O 11. Rc1 Bxd2+ 12. Kxd2 Nf6 13. Nh3 Rd6 14.
Ng5 Rf8 15. Rc5 h6 16. Ne4 Nxe4+ 17. Bxe4 Re8 18. Bxc6 bxc6 19. Rhc1 Kb7 20.
Rf5 f6 21. Kd3 Kb6 22. b4 g6 23. Rfc5 f5 24. a4 h5 25. b5 cxb5 26. Rxb5+ Ka6
27. Rcc5 h4 28. Rd5 Ree6 29. Rxd6+ Rxd6 30. gxh4 Rb6 31. h5 gxh5 32. Rxf5 Rb4
33. Rxh5 Rxa4 34. Rd5 Kb6 35. f4 a5 36. f5 Ra1 37. Kxd4 a4 38. Ke5 a3 39. Rd3
Kc5 40. e4 Kc4 41. Rf3 a2 42. Ra3 Kb4 43. Ra8 Kb3 44. f6 Rc1 45. Ke6 a1=Q 46.
Rxa1 Rxa1 47. f7 Rf1 48. Ke7 Kc4 49. f8=Q Rxf8 50. Kxf8 Kd4 51. h4 Kxe4 52. h5
1-0

[Event "CZECH OPEN 2011 "]
[Site "Pardubice (CZE)"]
[Date "2011.07.22"]
[Round "1.44"]
[White "Steinberg, Nitzan"]
[Black "Kovacevic, Blazimir"]
[Result "0-1"]
[WhiteElo "2259"]
[BlackElo "2480"]
[PlyCount "64"]
[EventDate "2011.07.22"]

1. e4 e6 2. d3 d5 3. Qe2 Nf6 4. Nf3 b5 5. g3 dxe4 6. dxe4 b4 7. c4 Bb7 8. e5
Nfd7 9. Bg2 Nc5 10. O-O Qd3 11. Qxd3 Nxd3 12. Rd1 Nxc1 13. Rxc1 Nd7 14. Nbd2 a5
15. Rd1 a4 16. a3 bxa3 17. bxa3 Bc5 18. Re1 Ke7 19. Ne4 Rhd8 20. h4 Rab8 21.
Ra2 Bxe4 22. Rxe4 Rb3 23. Ree2 Nb6 24. Rec2 Rd1+ 25. Kh2 Rxa3 26. Rxa3 Bxa3 27.
c5 Nd7 28. c6 Nb6 29. Nd2 Bb4 30. Nc4 Nxc4 31. Rxc4 a3 32. Rc2 Rd2 0-1

[Event "CZECH OPEN 2011 "]
[Site "Pardubice (CZE)"]
[Date "2011.07.22"]
[Round "1.45"]
[White "Semcesen, Daniel"]
[Black "Folk, Petr"]
[Result "1-0"]
[WhiteElo "2480"]
[BlackElo "2257"]
[PlyCount "65"]
[EventDate "2011.07.22"]

1. d4 Nf6 2. c4 g6 3. Nc3 Bg7 4. e4 d6 5. h3 O-O 6. Nf3 c5 7. d5 e6 8. Bd3 exd5
9. cxd5 b5 10. O-O a6 11. Re1 Nbd7 12. a3 Bb7 13. Bf4 c4 14. Bc2 Nc5 15. Qd2
Re8 16. Nd4 Qb6 17. Rad1 Nfd7 18. Be3 Qc7 19. f4 Rad8 20. Bf2 Nf6 21. Bh4 Rd7
22. Nf3 a5 23. Qf2 b4 24. Nb5 Qb6 25. e5 dxe5 26. fxe5 Nxd5 27. Nd6 Rf8 28.
Nxb7 Nxb7 29. Ba4 Rdd8 30. Bxd8 Rxd8 31. Rxd5 Qxf2+ 32. Kxf2 Rxd5 33. Bc6 1-0

[Event "CZECH OPEN 2011 "]
[Site "Pardubice (CZE)"]
[Date "2011.07.22"]
[Round "1.51"]
[White "Lalic, Bogdan"]
[Black "Llaneza Vega, Marcos"]
[Result "1/2-1/2"]
[WhiteElo "2470"]
[BlackElo "2465"]
[PlyCount "26"]
[EventDate "2011.07.22"]

1. d4 Nf6 2. c4 g6 3. Nc3 d5 4. e3 Bg7 5. Nxd5 Nxd5 6. cxd5 Qxd5 7. Ne2 O-O 8.
Nc3 Qd6 9. Be2 c6 10. O-O Nd7 11. f4 Nb6 12. Bf3 Rd8 13. Qe2 a5 1/2-1/2

[Event "CZECH OPEN 2011 "]
[Site "Pardubice (CZE)"]
[Date "2011.07.22"]
[Round "1.30"]
[White "Racz, Zoltan"]
[Black "Alonso Rosell, Alvar"]
[Result "0-1"]
[WhiteElo "2271"]
[BlackElo "2502"]
[PlyCount "82"]
[EventDate "2011.07.22"]

1. e4 c5 2. Nf3 d6 3. d4 Nf6 4. Nc3 cxd4 5. Nxd4 a6 6. Be3 e5 7. Nb3 Be6 8. Qd2
Be7 9. f3 O-O 10. O-O-O a5 11. Bb5 Na6 12. Kb1 Qb8 13. g4 Nc7 14. g5 Nxb5 15.
Nxb5 Ne8 16. f4 a4 17. Nc1 exf4 18. Bxf4 Bg4 19. Rde1 Qd8 20. Rhg1 Bh5 21. Nd4
a3 22. b3 Nc7 23. Nf5 Re8 24. Ne2 Ne6 25. Nxe7+ Rxe7 26. Ng3 Bg6 27. h4 d5 28.
h5 Bxe4 29. Nxe4 dxe4 30. Rxe4 Rd7 31. Qc1 Rd5 32. Be3 Qd6 33. h6 b5 34. Rh4
Rd8 35. Rhh1 b4 36. Qf1 Qe5 37. Bc1 Nd4 38. hxg7 Ne2 39. Qh3 Nc3+ 40. Ka1 Ne4+
41. Kb1 Nd2+ 0-1

[Event "CZECH OPEN 2011 "]
[Site "Pardubice (CZE)"]
[Date "2011.07.22"]
[Round "1.31"]
[White "Gutman, Gennadi"]
[Black "Stastny, Jan"]
[Result "1-0"]
[WhiteElo "2501"]
[BlackElo "2271"]
[PlyCount "73"]
[EventDate "2011.07.22"]

1. d4 Nf6 2. c4 c5 3. d5 b5 4. cxb5 a6 5. b6 Qxb6 6. Nc3 d6 7. e4 g6 8. Nf3 Bg7
9. Be2 O-O 10. O-O Bd7 11. a4 Bg4 12. a5 Qb7 13. Nd2 Bxe2 14. Qxe2 Nbd7 15. Nc4
Ne8 16. Bg5 Bf6 17. Bxf6 Nexf6 18. f4 Rab8 19. Rad1 Qc7 20. e5 Ne8 21. g4 Rb4
22. e6 Ndf6 23. g5 Nh5 24. f5 f6 25. Ne4 Nhg7 26. gxf6 Nxf6 27. fxg6 hxg6 28.
Nxf6+ Rxf6 29. Rxf6 exf6 30. Qd3 Nf5 31. Rf1 Qh7 32. Qe4 Kf8 33. b3 Rxb3 34.
Nxd6 Nxd6 35. Qe5 Nf5 36. Qxf6+ Ke8 37. d6 1-0

[Event "CZECH OPEN 2011 "]
[Site "Pardubice (CZE)"]
[Date "2011.07.22"]
[Round "1.32"]
[White "Severiukhina, Zoja"]
[Black "Kalod, Radek"]
[Result "0-1"]
[WhiteElo "2270"]
[BlackElo "2500"]
[PlyCount "82"]
[EventDate "2011.07.22"]

1. e4 c5 2. Nf3 e6 3. d4 cxd4 4. Nxd4 a6 5. Bd3 Bc5 6. Nb3 Be7 7. Nc3 d6 8. Be3
Nd7 9. f4 Qc7 10. Qf3 Bf6 11. e5 dxe5 12. O-O-O exf4 13. Bxf4 Be5 14. g3 Ngf6
15. Kb1 O-O 16. Rhe1 Bxf4 17. gxf4 g6 18. h4 Nh5 19. Ne2 Ndf6 20. Nd2 Bd7 21.
Ne4 Bc6 22. Rg1 Rad8 23. Nxf6+ Nxf6 24. Qe3 Rfe8 25. Rdf1 Re7 26. Rg5 Kf8 27.
a3 Qd6 28. Nc3 Qd4 29. Qh3 b5 30. h5 Nxh5 31. Rxh5 gxh5 32. Qxh5 f5 33. Bxf5
Be8 34. Qh6+ Qg7 35. Qxg7+ Kxg7 36. Re1 Kf6 37. Bd3 Bg6 38. Ne4+ Bxe4 39. Rxe4
Red7 40. Re3 h5 41. a4 Rd5 0-1

[Event "CZECH OPEN 2011 "]
[Site "Pardubice (CZE)"]
[Date "2011.07.22"]
[Round "1.33"]
[White "Vokac, Marek"]
[Black "Meissner, Felix"]
[Result "0-1"]
[WhiteElo "2499"]
[BlackElo "2268"]
[PlyCount "122"]
[EventDate "2011.07.22"]

1. Nf3 Nf6 2. c4 c6 3. b3 d5 4. Bb2 e6 5. g3 Be7 6. Bg2 O-O 7. O-O Nbd7 8. Nc3
a5 9. Qc2 Re8 10. d4 Bf8 11. Rad1 Qb6 12. Ne5 Nxe5 13. dxe5 Nd7 14. Na4 Qa6 15.
cxd5 exd5 16. e4 b5 17. Nc3 d4 18. Rxd4 Nxe5 19. Ne2 Bb7 20. Rdd1 c5 21. Nf4
Rac8 22. Nd5 c4 23. Bd4 Nc6 24. Be3 Nb4 25. Qe2 c3 26. Bh3 c2 27. Rc1 Nxa2 28.
Rxc2 Rxc2 29. Qxc2 Nb4 30. Nxb4 Bxb4 31. f3 Bc8 32. Bxc8 Rxc8 33. Qd3 h6 34.
Rd1 Qe6 35. Qxb5 Qxb3 36. Rd3 Qb1+ 37. Kg2 Qa2+ 38. Kh3 Qe6+ 39. g4 Qe8 40. Qb7
Rc3 41. Rxc3 Bxc3 42. f4 a4 43. Bc5 Qd8 44. Qd5 Qc8 45. e5 Qa6 46. Qf3 Bb2 47.
Ba3 Bxa3 48. Qxa3 Qc4 49. e6 fxe6 50. Qe7 Qxf4 51. Qxe6+ Kh7 52. Qe2 h5 53.
gxh5 Qf5+ 54. Kg3 a3 55. h4 Qb1 56. h6 a2 57. hxg7 Qg6+ 58. Kh3 a1=Q 59. g8=Q+
Kxg8 60. Qc4+ Kh7 61. Qc7+ Qag7 0-1

[Event "CZECH OPEN 2011 "]
[Site "Pardubice (CZE)"]
[Date "2011.07.22"]
[Round "1.34"]
[White "Liepold, Stefan"]
[Black "Schneider, Ilja"]
[Result "1/2-1/2"]
[WhiteElo "2266"]
[BlackElo "2498"]
[PlyCount "69"]
[EventDate "2011.07.22"]

1. e4 c5 2. Nf3 Nf6 3. Nc3 Nc6 4. d4 d5 5. exd5 Nxd5 6. dxc5 Nxc3 7. Qxd8+ Nxd8
8. bxc3 f6 9. Be3 e5 10. Nd2 Bf5 11. Bd3 Bd7 12. Nc4 Rc8 13. Nd6+ Bxd6 14. cxd6
b6 15. a4 Rxc3 16. a5 Rc6 17. axb6 axb6 18. Ra6 Rxd6 19. Rxb6 Rxb6 20. Bxb6 Ne6
21. Kd2 Bc6 22. Ra1 Bxg2 23. Bc4 Ke7 24. Ra7+ Kd6 25. Bxe6 Kxe6 26. Rxg7 Be4
27. c4 Ra8 28. Ra7 Rg8 29. Ke3 Bc6 30. f4 exf4+ 31. Kxf4 h5 32. h3 Rg5 33. Ra5
Bg2 34. Rxg5 fxg5+ 35. Kxg5 1/2-1/2

[Event "CZECH OPEN 2011 "]
[Site "Pardubice (CZE)"]
[Date "2011.07.22"]
[Round "1.38"]
[White "Kulagin, Maxim"]
[Black "Michiels, Bart"]
[Result "0-1"]
[WhiteElo "2263"]
[BlackElo "2489"]
[PlyCount "70"]
[EventDate "2011.07.22"]

1. e4 e6 2. d4 d5 3. Nd2 Nf6 4. e5 Nfd7 5. f4 c5 6. c3 Nc6 7. Ndf3 Qb6 8. h4
cxd4 9. cxd4 Bb4+ 10. Kf2 f6 11. Kg3 O-O 12. Nh3 fxe5 13. dxe5 Be7 14. Bd3 Nc5
15. Bb1 Bd7 16. Nfg5 h6 17. Qh5 Be8 18. Bh7+ Kh8 19. Bg6 Nd4 20. Bxe8 Raxe8 21.
Rd1 Nf5+ 22. Kh2 Ne4 23. Nxe4 dxe4 24. Qe2 Bxh4 25. Qxe4 Bg3+ 26. Kh1 Rd8 27.
Bd2 Qxb2 28. Bb4 Rfe8 29. a3 b6 30. Rab1 Rxd1+ 31. Rxd1 Rc8 32. Qf3 Rc1 33. Ng1
Rxd1 34. Qxd1 Bxf4 35. Nf3 Qxg2+ 0-1

[Event "CZECH OPEN 2011 "]
[Site "Pardubice (CZE)"]
[Date "2011.07.22"]
[Round "1.81"]
[White "Biolek-Jun., Richard"]
[Black "Volodin, Viktor"]
[Result "1-0"]
[WhiteElo "2409"]
[BlackElo "2200"]
[PlyCount "49"]
[EventDate "2011.07.22"]

1. e4 c5 2. Nf3 Nc6 3. d4 cxd4 4. Nxd4 Nf6 5. Nc3 e5 6. Ndb5 d6 7. Nd5 Nxd5 8.
exd5 Nb8 9. c4 a6 10. Nc3 Be7 11. Be2 O-O 12. O-O Bg5 13. Kh1 Bxc1 14. Rxc1 Nd7
15. b4 b6 16. Na4 Bb7 17. Qb3 Rb8 18. Qe3 b5 19. Nc3 bxc4 20. Bxc4 Qb6 21. Qh3
Qxb4 22. Ne4 Nb6 23. a3 Qa4 24. Bd3 Nxd5 25. Nc3 1-0

[Event "CZECH OPEN 2011 "]
[Site "Pardubice (CZE)"]
[Date "2011.07.22"]
[Round "1.16"]
[White "Taddei, Benoit"]
[Black "Chernyshov, Konstantin"]
[Result "0-1"]
[WhiteElo "2288"]
[BlackElo "2552"]
[PlyCount "102"]
[EventDate "2011.07.22"]

1. e4 g6 2. d4 Bg7 3. c4 c5 4. Nf3 Nc6 5. dxc5 Qa5+ 6. Nc3 Nf6 7. Bd3 Qxc5 8.
O-O d6 9. Nd5 Nxd5 10. exd5 Ne5 11. Nxe5 Bxe5 12. Rb1 O-O 13. Be3 Qc7 14. f4
Bg7 15. Qd2 Bd7 16. Rfc1 b6 17. b3 Rae8 18. Be4 e5 19. dxe6 Bxe6 20. Bf2 Re7
21. Re1 Rfe8 22. Bf3 Bf5 23. Rxe7 Rxe7 24. Rd1 Bf8 25. Re1 Rxe1+ 26. Bxe1 Qe7
27. Bd5 Bh6 28. Qf2 Bxf4 29. Bd2 Bxd2 30. Qxd2 Qe5 31. h3 Kg7 32. a4 h5 33. a5
Qa1+ 34. Kh2 bxa5 35. Qf2 Qe5+ 36. Kg1 Be6 37. Bxe6 Qxe6 38. Qxa7 Qe1+ 39. Kh2
Qe5+ 40. Kh1 g5 41. Qd7 Kg6 42. Qd8 g4 43. Qg8+ Qg7 44. Qd8 Qa1+ 45. Kh2 Qe5+
46. g3 Qe2+ 47. Kg1 Qe3+ 48. Kg2 Qf3+ 49. Kh2 Qf2+ 50. Kh1 Qf1+ 51. Kh2 Qxh3+
0-1

[Event "CZECH OPEN 2011 "]
[Site "Pardubice (CZE)"]
[Date "2011.07.22"]
[Round "1.17"]
[White "Stefansson, Hannes"]
[Black "Gafner, Evgeny"]
[Result "1-0"]
[WhiteElo "2546"]
[BlackElo "2287"]
[PlyCount "66"]
[EventDate "2011.07.22"]

1. d4 Nf6 2. c4 e5 3. dxe5 Ng4 4. Bf4 Bb4+ 5. Nd2 Nc6 6. Ngf3 Qe7 7. e3 Ngxe5
8. Nxe5 Nxe5 9. Be2 b6 10. O-O Bxd2 11. Qxd2 Bb7 12. Qc3 Ng6 13. Qxg7 O-O-O 14.
Qh6 Nh4 15. f3 Rdg8 16. Rf2 Nf5 17. Qh5 Nxe3 18. Qe5 Qxe5 19. Bxe5 Re8 20. Bxh8
Rxh8 21. Bd3 d5 22. cxd5 Nxd5 23. Bf5+ Kb8 24. Re1 h5 25. Rfe2 Bc6 26. Be4 Rh6
27. Rc2 Nb4 28. Bxc6 Nxc6 29. Rd1 Kc8 30. Rdc1 Kb7 31. h4 b5 32. Rc5 Kb6 33.
Rd5 a5 1-0

[Event "CZECH OPEN 2011 "]
[Site "Pardubice (CZE)"]
[Date "2011.07.22"]
[Round "1.18"]
[White "Hagesaether, Ellen"]
[Black "Danin, Alexandre"]
[Result "1/2-1/2"]
[WhiteElo "2287"]
[BlackElo "2538"]
[PlyCount "128"]
[EventDate "2011.07.22"]

1. c4 Nf6 2. g3 d5 3. Bg2 dxc4 4. Nf3 c6 5. a4 Be6 6. Ng5 Bd5 7. e4 h6 8. exd5
hxg5 9. dxc6 Nxc6 10. O-O Qd3 11. a5 Rc8 12. Nc3 a6 13. b3 Qh7 14. h3 g4 15.
bxc4 gxh3 16. Bf3 Qd3 17. Qe2 Qd7 18. Rb1 e6 19. Ne4 Nd4 20. Nxf6+ gxf6 21. Qe4
Nxf3+ 22. Qxf3 Qc6 23. Qxc6+ bxc6 24. Rb6 Rh5 25. Rxa6 Bb4 26. Bb2 Rxa5 27.
Rxa5 Bxa5 28. Bxf6 Bxd2 29. Kh2 Bb4 30. Kxh3 Be7 31. Bxe7 Kxe7 32. c5 Rb8 33.
Rc1 Kf6 34. f4 Kf5 35. Rc4 Rh8+ 36. Kg2 Kg4 37. Ra4 Rb8 38. f5+ Kxf5 39. Ra7
Rb2+ 40. Kf3 Rb3+ 41. Kf2 f6 42. Ra6 Ke4 43. Rxc6 Rb2+ 44. Kf1 Kd5 45. Rd6+ Ke5
46. Ra6 Rc2 47. Rc6 Kf5 48. Kg1 e5 49. Kf1 Kg5 50. Ke1 Kf5 51. Kf1 e4 52. g4+
Ke5 53. Rc8 e3 54. Re8+ Kf4 55. Rf8 Ke4 56. Re8+ Kd4 57. Rf8 Kd3 58. Rd8+ Ke4
59. Rf8 Rxc5 60. Rxf6 Rd5 61. Ke2 Rd2+ 62. Ke1 Rg2 63. Re6+ Kf4 64. Rf6+ Ke4
1/2-1/2

[Event "CZECH OPEN 2011 "]
[Site "Pardubice (CZE)"]
[Date "2011.07.22"]
[Round "1.82"]
[White "Straka, Vojtech"]
[Black "Nguyen, Chi Minh"]
[Result "1-0"]
[WhiteElo "2200"]
[BlackElo "2409"]
[PlyCount "41"]
[EventDate "2011.07.22"]

1. d4 Nf6 2. Nf3 g6 3. c4 Bg7 4. Nc3 O-O 5. Bg5 d6 6. e3 a6 7. Be2 c5 8. O-O
Qa5 9. Bh4 Bd7 10. Nd2 b5 11. Nb3 Qb6 12. Bxf6 exf6 13. Nd5 Qa7 14. Rc1 b4 15.
dxc5 dxc5 16. Ne7+ Kh8 17. Bf3 Ba4 18. Qd6 Nd7 19. Bxa8 Rxa8 20. Nc6 Qb7 21.
Nba5 1-0

[Event "CZECH OPEN 2011 "]
[Site "Pardubice (CZE)"]
[Date "2011.07.22"]
[Round "1.83"]
[White "Zpevak, Pavel"]
[Black "Schoene, Maria"]
[Result "0-1"]
[WhiteElo "2409"]
[BlackElo "2199"]
[PlyCount "112"]
[EventDate "2011.07.22"]

1. Nf3 Nf6 2. g3 g6 3. Bg2 Bg7 4. O-O O-O 5. d4 d6 6. a4 Nc6 7. c3 a5 8. Nbd2
Re8 9. e4 e5 10. dxe5 dxe5 11. Qc2 Be6 12. Ng5 Qe7 13. b3 Nd7 14. Nxe6 Qxe6 15.
Nc4 Nc5 16. Qa2 b5 17. axb5 a4 18. Nd2 Na7 19. b4 Qxa2 20. Rxa2 Nb3 21. Nb1
Nxc1 22. Rxc1 Nxb5 23. Na3 Nd6 24. Rd1 Bf8 25. Rd5 c6 26. Rc5 Ra6 27. b5 Nxb5
28. Nxb5 Bxc5 29. Nc7 Rea8 30. Bf1 R6a7 31. Nxa8 Rxa8 32. Bc4 a3 33. Rd2 Ra4
34. Bb3 Ra7 35. Kf1 Kf8 36. Ke2 Ke7 37. f3 Bb6 38. Kd3 Bc5 39. Kc4 Ra5 40. Ba2
Ke8 41. Bb3 Bf8 42. Ba2 Bh6 43. Rd1 Rb5 44. Rb1 Rxb1 45. Bxb1 Bf8 46. Ba2 Bd6
47. Bb3 Ke7 48. Ba2 f5 49. exf5 gxf5 50. Kd3 Kf6 51. Bb1 h5 52. Kc4 Kg5 53. Kd3
Bc5 54. h4+ Kf6 55. g4 hxg4 56. fxg4 e4+ 0-1